| 000 | 00815nam a2200241 a 4500 | ||
|---|---|---|---|
| 001 | 1511 | ||
| 003 | BR-CuiBMT | ||
| 005 | 20231213132256.0 | ||
| 008 | 231108s201u rjb 000 0 por d | ||
| 040 |
_aBR-CuiBMT _cBR-CuiBMT |
||
| 080 |
_22007 _a346.1 |
||
| 090 |
_a346.1 _bA282o |
||
| 100 | 1 | _aAguiar, Jean Menezes | |
| 245 | 1 | 0 |
_aOrdem constitucional econômica / _cJean Menezes Aguiar. |
| 260 |
_aRio de Janeiro : _bFGV, _c[201-]. |
||
| 300 |
_a109 p. ; _c29 cm |
||
| 500 | _a"Fascículo elaborado para o curso MPA em Direito do Estado e a Administração Pública ofertado pela FGV." | ||
| 504 | _aInclui bibliografia. | ||
| 610 | 1 |
_aMato Grosso. _bTribunal de Contas do Estado. |
|
| 650 |
_aDireito econômico _zBrasil |
||
| 650 |
_aDireito constitucional _xAspectos econômicos _zBrasil |
||
| 942 |
_2udc _cLV |
||
| 999 |
_c1511 _d1511 |
||